00969 2200301 4500001002100000005001500021035002000036007000300056008004100059336002100100337002300121338003800144040002200182100003600204245005200240300003200292020002200324082001500346084001700361264004500378500006900423650002300492850001200515852002000527856007600547990002200623990002200645INLIS00000000086355820210816035614 a0010-0821000257ta210705t2015 jkia as6 0 1 ind d 2rdacontentateks 2rdamediaakomputer 2rdacarrierasumber sambung jaring aYOPDYOGbinderda0 aAnisa Widiyartid1985-epenulis10aMy Money :birit bukan pelit /cAnisa Widiyarti a1 berkas komputer (10,8 MB) a978-602-03-1819-604223a028.55 a028.55 ANI m31aJakarta :bGramedia Pustaka Utama,c2015 aUntuk mengakses buku ini silakan unduh aplikasi http://ijogja.id 4aBacaan kanak-kanak aYOPDYOG8 aaplikasi iJogja40nPerpustakaan Digital iJogjauhttp://ijogja.id /publications/books/16236 a003079-EPD/B.2016 a003080-EPD/B.2016